000 00382nam a2200133Ia 4500
008 231221s9999 xx 000 0 und d
020 _a978-1-4614-2326-3
041 _aEnglish
100 _aIvan Ivanov, Marten van Sinderen, Boris Shishkov
245 0 _aCloud Computing and Services Science
260 _c2012
_bSpringer US
_aNew York
650 _aComputer Science
942 _cEB
999 _c218802
_d218802